000 00751nam a22001937a 4500
005 20251108172817.0
008 250721s9999 xx 000 0 ara d
082 1 4 _aط/ق/قاس
100 1 _aالقاسمي، صفية محمد أبراهيم
245 1 0 _aالشجاعة الحقيقية : قصة للصغار /
264 1 _aدبي :
_bالهيئة العليا لجائزة فاطمة بنت هزاع لقصة الطفل العربي،
300 _a40ص
490 0 _aجائزة فاطمة بنت هزاع بنت زايد آل نهيان
_vالدورة الثانية لعام 1997
650 1 7 _aأدب الأطفال
650 1 7 _aالأدب العربي
650 1 7 _aالقصص العربية
942 _2ddc
_cBK
999 _c89031
_d89031